[Event "Clutch Chess 2020"]
[Site "Online"]
[Date "2020.05.27"]
[Round "1.8"]
[White "Dominguez Perez, Leinier"]
[Black "Caruana, Fabiano"]
[Result "0-1"]
[WhiteElo "2786"]
[BlackElo "2773"]
[Annotator "TA"]
[PlyCount "122"]
[EventDate "2020.05.24"]
[EventType "k.o."]
[SourceTitle "playchess.com"]
[Source "ChessBase"]
[SourceQuality "1"]

{[%evp 21,122,11,29,0,7,0,2,-20,-10,-22,-12,-14,-12,-29,21,29,23,32,63,45,73,59,70,69,92,99,132,133,120,123,122,80,120,86,85,99,85,-55,-56,-56,-63,-61,-61,-37,0,0,0,0,0,-37,-37,-341,-329,-341,-341,-308,-297,-377,-381,-366,-366,-379,-323,-358,-336,-317,-256,-457,-462,-470,-459,-451,-424,-550,-599,-585,-578,-493,-575,-571,-571,-552,-508,-496,-167,-167,-164,-450,-431,-420,-419,-419,-419,-393,-69,-29967,-29971,-29968,-29950,-29983,-29984,-29984,-29985]} 1. e4 e5 2. Nf3 Nc6 3. Bb5 Nf6 4. O-O Nxe4 5. d4 Nd6 6. Bxc6 dxc6 7. dxe5 Nf5 8. Qxd8+ Kxd8 9. Rd1+ Ke8 10. Nc3 a5 11. h3 a4 12. a3 {C67: Ruy Lopez: Berlin Defence: 4 0-0 Nxe4.} h6 13. Bf4 Be6 {[#]} 14. g4 $5 $146 {[%mdl 8] The position is equal. An interesting novelty.} ({Predecessor:} 14. Ne4 Ra5 15. g4 Bd5 16. Re1 Ne7 17. e6 Bxe4 18. exf7+ Kxf7 19. Rxe4 Ng6 20. Bxc7 Rb5 21. Ne5+ Nxe5 22. Bxe5 Bc5 23. Bc3 Ra8 24. Rd1 Bf8 25. Rd7+ Kg8 26. Kg2 {1-0 (26) Kramnik,V (2777)-Ivanchuk,V (2716) Monte Carlo 2004}) 14... Ne7 15. Nd4 Nd5 16. Nce2 Bc5 17. Bg3 Bd7 18. c4 $36 {[%mdl 2048] White has good play.} Nb6 19. Rac1 h5 20. e6 $1 {[%cal Re6d7]} fxe6 21. Nf3 hxg4 22. hxg4 Rf8 23. Kg2 Bd6 24. Bxd6 cxd6 25. Rxd6 Ke7 26. c5 {Strongly threatening Ne5.} Nd5 27. Ne5 Be8 28. Kg3 Ra5 29. Nd4 (29. Nd3 $1 $16) 29... Nf4 $1 $15 30. Rc4 {[%cal Rd6c6] White wants to play Rxc6.} Rxc5 $1 31. Rd7+ Bxd7 32. Rxc5 Be8 (32... Kd6 $5 {[%cal Rd6c5]} 33. Ra5 b5 $11) 33. Ra5 Kd6 34. Nc4+ Kc7 35. Ra8 g5 {Threatens to win with ...Rh8.} 36. Ne5 $2 {[%mdl 8192] Black converts the advantage convincingly.} ({White should try} 36. Nf3 $1 $15) 36... Rh8 $1 $19 {[%csl Gf4][%cal Rh8h3]} 37. Kf3 c5 38. Nb5+ Kb6 39. Nc4+ Kxb5 40. Nd6+ Kc6 41. Nxe8 {[%mdl 4096] Endgame KRN-KRN} Rh3+ 42. Ke4 Nd3 43. f3 Nf2+ 44. Ke3 $2 (44. Ke5 {is the only way for White.}) 44... Nxg4+ 45. Ke4 Nf2+ 46. Ke3 Nd1+ {[%mdl 64] Double Attack} 47. Ke4 Nxb2 48. Nf6 Nc4 49. Rxa4 Nd2+ 50. Ke5 Rxf3 {White must now prevent ...Re3+.} 51. Kxe6 c4 52. Ra8 Nb3 $2 (52... Re3+ 53. Kf5 c3 54. Rc8+ Kd6 55. Kxg5 Rg3+ 56. Kh4 Rf3) 53. Rc8+ Kb5 {[#]} 54. Ne4 $2 (54. a4+ $1 {[%mdl 512] was forced.} Kxa4 55. Rxc4+ Kb5 56. Rc7) 54... Re3 55. Kd5 {With the idea Nd6+.} Rd3+ 56. Ke5 {White hopes to continue with Nd6+.} Na5 57. Nd6+ Ka4 $2 {[#]} (57... Kb6 $19 {Hoping for ...Nc6+.} 58. Nxc4+ Nxc4+ 59. Rxc4 Rxa3) 58. Ra8 $2 {[%mdl 8192] [#]} (58. Nxb7 $1 $15 {[%mdl 512]} Nxb7 59. Rxc4+ Kb5 60. Rg4) 58... Rxd6 $1 {Black mates.} 59. Kxd6 c3 60. Kd5 c2 61. Rc8 Nc6 {Accuracy: White = 55%, Black = 78%.} 0-1

[Event "Clutch Chess 2020"]
[Site "Online"]
[Date "2020.05.27"]
[Round "1.9"]
[White "Caruana, Fabiano"]
[Black "Dominguez Perez, Leinier"]
[Result "0-1"]
[WhiteElo "2773"]
[BlackElo "2786"]
[Annotator "TA"]
[PlyCount "152"]
[EventDate "2020.05.24"]
[EventType "k.o."]
[SourceTitle "playchess.com"]
[Source "ChessBase"]
[SourceQuality "1"]

{[%evp 14,152,13,8,21,7,12,26,23,2,0,0,0,8,9,11,11,0,0,0,0,0,0,-14,0,-23,33,-8,-10,-47,-38,-38,-29,-28,0,0,0,-17,18,-60,-42,-92,-81,-79,-90,-86,-79,-85,-82,-64,-75,-75,0,0,0,0,110,105,156,135,184,27,14,0,0,0,0,0,0,0,0,0,8,-125,-109,-231,0,0,0,-8,-8,-325,-325,-304,0,-205,-193,-198,-188,-197,-192,-187,-196,-196,-189,-187,-184,-289,-291,-294,-275,-267,-258,-251,-141,-239,-211,-233,-139,-139,-138,-123,-59,-59,-74,-170,-167,-180,-169,-191,-166,-314,-305,-490,-477,-716,-687,-627,-580,-532,-386,-29985,-29964,-29974,-29975,-29977,-29975,-29980,-29981,-29981,-29982]} 1. Nf3 d5 2. g3 c5 3. Bg2 e6 4. O-O Nf6 5. c4 d4 6. e3 Nc6 7. exd4 cxd4 8. d3 Bd6 {A13: English Opening: 1...e6.} 9. Bg5 h6 10. Bxf6 $1 Qxf6 {White has an edge.} 11. Nbd2 Qe7 12. Re1 O-O 13. Nb3 Qf6 14. c5 Bc7 15. a3 a5 16. Rc1 Rd8 17. Nbd2 Bd7 18. Nc4 Qe7 19. Nfd2 {[#]} a4 $146 (19... Qxc5 $11 20. Ne5 Qb5 21. Nxd7 Rxd7) ({Predecessor:} 19... Qxc5 20. Ne5 Qb5 21. Nxd7 Rxd7 22. Qb3 Qa6 23. Qa4 Rdd8 24. Bxc6 bxc6 25. Rxc6 Qxd3 26. Nc4 Rac8 27. Rc1 Qe2 28. Nb6 Rb8 29. R6c2 Qf3 30. Nd7 d3 {½-½ (30) Forsloef,L (2465)-Chocenka,D (2406) ICCF email 2014}) 20. Ne4 Na5 21. Ncd2 Bc6 22. f4 Qf8 23. Qh5 Rd5 24. Qe2 Rdd8 25. Rf1 f5 26. Nf2 ({Better is} 26. Nd6 $1 $11 Bxg2 27. Kxg2 (27. Qxe6+ Kh7 $14)) 26... Re8 27. Rfe1 e5 28. fxe5 Rxe5 29. Qh5 Rae8 30. Rxe5 Rxe5 31. Bxc6 Nxc6 32. Qd1 f4 (32... Qe8 $17 33. b4 axb3 34. Qxb3+ Kh8) 33. Nfe4 $11 fxg3 34. hxg3 Rf5 (34... Qc8 $11) 35. Qxa4 $16 Ne5 (35... Bxg3 $142 36. Nxg3 Rg5) 36. Qxd4 Kh8 37. b4 $2 (37. Qe3 $18) 37... Rf3 $1 $11 38. Re1 {And now Re3 would win.} Rxd3 {[%mdl 64] Double Attack} 39. Qf2 Nf3+ 40. Nxf3 Rxf3 41. Qe2 Rxa3 42. Rf1 Qe7 43. Qg4 (43. Rf3 $11 Ra1+ 44. Rf1) 43... Re3 $1 $36 {[%cal Re3e4][%mdl 2048] Black is on the roll.} 44. Qc8+ (44. Nd6 $17 {was forced.} Bxd6 45. cxd6 Qxd6 46. Kh2) 44... Kh7 $2 (44... Bd8 $19 45. Rd1 Qxe4 46. Qxd8+ Kh7 $1 {[%mdl 512]}) 45. Qf5+ $11 Kg8 (45... Kh8 $5 46. Qf8+ $8 Qxf8 47. Rxf8+ Kh7 $11) 46. Ra1 {aiming for Ra8+.} Qe8 47. Qd5+ $2 {[%mdl 8192]} (47. Ra8 $1 $11 Rxg3+ 48. Nxg3 Qxa8 49. Qe6+ Kh7 50. Kg2) 47... Kh7 $19 48. Qf5+ Qg6 $2 (48... Kh8 $19 49. Nd2 Rxg3+ 50. Kf1 Rg5) 49. Qxg6+ $2 (49. Nf6+ $11 gxf6 50. Qd7+ Qg7 51. Qf5+ Qg6 52. Qd7+ Qg7 53. Qf5+ Qg6) 49... Kxg6 $11 {[%mdl 4096] Endgame KRB-KRN} 50. Nd2 Rxg3+ ({Don't do} 50... Bxg3 51. Nf1 $17) 51. Kf2 Rd3 52. Ke2 Rd4 53. b5 Bf4 $1 54. Nf3 Re4+ 55. Kd1 (55. Kf1 $142) 55... Rc4 $19 56. Ra7 Rxc5 57. Rxb7 Kf6 58. Ke2 Rc3 (58... h5 $19 59. Kd3 g5) 59. Nd4 (59. Rb6+ $17 Kf5 60. Nh4+ Kg4 61. Ng6) 59... Re3+ 60. Kf1 Rd3 ({Black should play} 60... h5 $1 $19 61. Rxg7 Rd3) 61. Rb6+ $17 Ke5 62. Ne2 {[#]} Be3 ({Black should try} 62... Bg5 $1 $17 63. Rg6 Rd1+ 64. Kg2 Bf6) 63. Rg6 $15 Rd7 64. Nc3 (64. Ng3 $17 {was called for.}) 64... Kf5 $19 65. Rc6 {[#]} Rd2 $1 66. b6 Rb2 67. Nd5 (67. Na4 $142 Rb1+ 68. Ke2) 67... Bd4 68. Ne7+ $2 (68. b7 Rxb7 69. Rc4) 68... Ke4 69. Re6+ (69. Rc8 $142 Rxb6 70. Rc1) 69... Kf3 {( -> ...Bf2)} 70. Ke1 Be3 {[%cal Rb2b1]} 71. Kd1 {Now Nf5 and White clings on.} Rd2+ 72. Ke1 $2 (72. Kc1 $19 Rd7+ 73. Kc2) 72... Rc2 {[%cal Rc2c1] Black mates.} 73. Rxe3+ Kxe3 {[%cal Rc2c1]} 74. Nd5+ Ke4 75. Kd1 Kxd5 76. Kxc2 Kc6 {Never resign too early! Accuracy: White = 54%, Black = 75%.} 0-1

[Event "Clutch Chess 2020"]
[Site "Online"]
[Date "2020.05.27"]
[Round "1.9"]
[White "So, Wesley"]
[Black "Nakamura, Hikaru"]
[Result "1-0"]
[WhiteElo "2741"]
[BlackElo "2829"]
[Annotator "TA"]
[PlyCount "80"]
[EventDate "2020.05.24"]
[EventType "k.o."]
[SourceTitle "playchess.com"]
[Source "ChessBase"]
[SourceQuality "1"]

{[%evp 12,80,14,22,35,28,29,28,20,23,34,26,35,15,25,28,43,18,31,19,12,9,14,9,16,15,31,24,39,17,18,12,31,17,23,17,48,42,43,40,56,45,46,63,62,59,138,129,135,140,329,212,587,594,589,581,556,530,543,541,542,542,519,521,533,522,495,478,619,618,821]} 1. e4 e5 2. Nf3 Nc6 3. Bb5 Nf6 4. O-O Nxe4 5. Re1 Nd6 6. Nxe5 Be7 7. Bf1 Nf5 {C67: Ruy Lopez: Berlin Defence: 4 0-0 Nxe4.} 8. Nf3 O-O 9. d4 d5 {White has an edge.} 10. c3 (10. Nc3 Nh4 11. Nxh4 Bxh4 12. Bb5 Ne7 13. Bd3 Bf6 14. Qh5 g6 15. Qf3 Bg7 16. Bg5 f6 17. Bd2 c6 18. Ne2 Nf5 19. g3 Nh6 {1-0 (55) So,W (2754)-Nakamura,H (2754) Zagreb 2019}) 10... Re8 11. Bd3 Bd6 12. Nbd2 Rxe1+ 13. Nxe1 {[#]} g6 $146 ({Predecessor:} 13... Be6 14. Ndf3 h6 15. g3 Qd7 16. Ng2 Re8 17. Bf4 Bf8 18. Qc2 {½-½ (18) Predojevic,B (2640)-Malakhov,V (2693) Sibenik 2016}) 14. g3 Ng7 15. Ndf3 Ne7 16. Ng2 c6 17. Bg5 Qf8 18. Qb3 f6 19. Bf4 Nef5 20. h4 Qf7 21. Re1 Bf8 22. Nh2 Nd6 23. Ne3 Nh5 24. Bxd6 $1 Bxd6 25. c4 Be6 26. cxd5 $1 cxd5 27. Be2 Ng7 28. Bf3 $36 {[%mdl 2048] White is pushing.} Rd8 {[#]} (28... h5 $14) 29. Nhg4 $1 $16 {[%cal Rg4h6] Nh6+ is the strong threat.} ({Don't play} 29. Bxd5 $6 Bxg3 30. Bxe6 Bxh2+ 31. Kxh2 Qxe6 $11) ({Not} 29. Nxd5 h5 $15) 29... Kf8 30. Bxd5 {Black must now prevent Nh6.} ({Stronger than} 30. Nxd5 Nf5 $11) 30... h5 $2 {Black cannot hold the game after this.} (30... Re8 $16) 31. Bxe6 Nxe6 $2 (31... Qxe6 {is tougher.} 32. d5 Qe7) 32. Nh6 $18 {White is clearly winning.} Qd7 {intending ...Kg7.} 33. Neg4 hxg4 34. Rxe6 {White wants to mate with Re7!} Kg7 35. Rxd6 {[%mdl 64] [#] Deflection} Qxd6 36. Nf7 {[%mdl 64] Double Attack} Qxd4 37. Nxd8 Qxd8 38. Qxb7+ {[%mdl 64] Double Attack. KQ-KQ} Kg8 39. Qxa7 Qd1+ 40. Kh2 Qd2 {Accuracy: White = 90%, Black = 75%.} 1-0

[Event "Clutch Chess 2020"]
[Site "Online"]
[Date "2020.05.27"]
[Round "1.10"]
[White "Nakamura, Hikaru"]
[Black "So, Wesley"]
[Result "1-0"]
[WhiteElo "2829"]
[BlackElo "2741"]
[Annotator "TA"]
[PlyCount "41"]
[EventDate "2020.05.24"]
[EventType "k.o."]
[SourceTitle "playchess.com"]
[Source "ChessBase"]
[SourceQuality "1"]

{[%evp 16,41,22,7,33,18,20,26,45,-75,-68,-78,108,109,113,108,170,150,218,209,212,216,218,219,310,311,584,599]} 1. d4 Nf6 2. c4 g6 3. Nc3 d5 4. cxd5 Nxd5 5. e4 Nxc3 6. bxc3 Bg7 7. Bb5+ c6 8. Ba4 b5 9. Bb3 a5 {has lost popularity (9...b4). D85: Exchange Grünfeld: Unusual White 7th moves and lines with 7 Nf3.} 10. Nf3 O-O 11. O-O c5 {[#] White has an edge.} 12. a4 $146 {[#]} (12. dxc5 $14 {stays ahead.} Bb7 13. Bd5 Bxd5 14. exd5) ({Predecessor:} 12. Rb1 Ba6 13. Re1 Nc6 14. d5 Ne5 15. Bf4 Qd6 16. Nxe5 Bxe5 17. Bxe5 Qxe5 18. Qd2 {1-0 (58) Kortschnoj,V (2635)-Finkel,A (2505) Beersheba 1997}) 12... b4 $1 $17 13. cxb4 cxd4 $2 (13... axb4 $17 {stays on course.} 14. Rb1 Ba6 15. dxc5 Bxf1 16. Qxf1 Qc7) 14. b5 $16 Bb7 15. e5 $36 {[%mdl 2048] White is really pushing.} e6 (15... Nd7 $16 {was called for.}) 16. Bg5 $18 ({Don't take} 16. Qxd4 Nd7 $16) 16... Qb6 (16... Qe8 $16) 17. Qxd4 Qxd4 18. Nxd4 Bxe5 19. Rad1 Re8 (19... Bg7 $142 20. Rd2 Bd5 21. Bxd5 exd5) 20. Rfe1 Bg7 $2 {[#]} (20... h6 21. Bxh6 Bf6) 21. Nxe6 $1 {[%mdl 512] Accuracy: White = 82%, Black = 34%.} 1-0

[Event "Clutch Chess 2020"]
[Site "Online"]
[Date "2020.05.27"]
[Round "1.10"]
[White "Dominguez Perez, Leinier"]
[Black "Caruana, Fabiano"]
[Result "0-1"]
[WhiteElo "2786"]
[BlackElo "2773"]
[Annotator "TA"]
[PlyCount "126"]
[EventDate "2020.05.24"]
[EventType "k.o."]
[SourceTitle "playchess.com"]
[Source "ChessBase"]
[SourceQuality "1"]

{[%evp 22,126,9,4,20,9,14,14,33,26,49,49,49,47,50,42,89,55,91,69,83,75,78,75,77,85,68,57,64,0,61,25,58,18,58,58,58,12,12,12,12,12,12,12,8,8,17,17,17,0,17,17,51,51,171,67,74,63,176,172,175,175,249,249,231,216,208,209,270,220,312,220,323,211,245,8,8,8,8,8,8,8,8,8,8,-8,-8,-8,-8,-8,-8,-8,-8,-694,-376,-1563,-1527,-831,-823,-29958,-29963,-29952,-5185,-29968,-29958,-29987,-29982]} 1. e4 e5 2. Nf3 Nc6 3. Bb5 Nf6 4. O-O Nxe4 5. d4 Nd6 6. Bxc6 dxc6 7. dxe5 Nf5 8. Qxd8+ Kxd8 9. Rd1+ Ke8 10. Nc3 a5 11. a4 h6 12. h3 Ne7 {C67: Ruy Lopez: Berlin Defence: 4 0-0 Nxe4.} 13. Bf4 {[#]} Ng6 $146 ({Predecessor:} 13... Be6 14. Nd4 Ng6 15. Nxe6 fxe6 16. Bh2 h5 17. Rd3 h4 18. Rad1 Rh5 19. f4 Rf5 {½-½ (51) Sameeh,H (2333)-Jonkman,H (2520) Tanta 2002}) 14. Bh2 Be6 {The position is equal.} 15. Nd4 Bc5 16. Nxe6 fxe6 17. Ne4 Bb6 18. Ra3 {aiming for Rg3.} Ne7 19. g4 Rf8 20. Kg2 Rd8 21. Rxd8+ Kxd8 22. Rf3 Rxf3 23. Kxf3 $16 {[%mdl 4096] Endgame KBN-KBN} Ba7 24. Bf4 Ng6 25. Bg3 (25. c3 $1 $14) 25... b5 ({Black should play} 25... Bd4 $11) 26. c3 bxa4 27. Nd2 Kd7 28. Nc4 {[%mdl 1024] White has compensation.} Bb6 29. Ke4 Ne7 30. f4 g6 31. Be1 h5 32. Bd2 hxg4 33. hxg4 Ke8 34. Be3 Nd5 35. Bd2 Ne7 36. Na3 Kd7 37. c4 Ng8 (37... Bf2 $14) 38. Nb1 (38. Be3 $1 $18) 38... Nh6 $14 39. Kf3 Nf7 (39... Bc5 $14) 40. Nc3 a3 41. bxa3 {[%cal Bb2a3,Ba3a4][%mdl 32]} Bc5 (41... g5 $142) 42. a4 $1 $18 Bb4 43. Ne4 c5 44. Be3 Kc6 45. Nf2 Nh6 (45... Nd8 {was worth a try.} 46. Nd3 Nb7) 46. Nd3 {f5! is the strong threat.} Ng8 (46... Nf7 {was necessary.} 47. f5 gxf5) 47. Bf2 Ne7 {[#] Black wants to play ...Nc8.} 48. Ke4 $2 (48. Kg3 $1 $18) 48... Nc8 $1 $11 49. f5 gxf5+ 50. gxf5 exf5+ 51. Kxf5 Nb6 52. e6 {And now Kg6 would win.} Nxc4 {next ...Nd6+ is good for Black.} 53. Kg6 Nd6 $1 54. Bg3 {Black must now prevent Bxd6.} Nc8 55. Kf7 c4 56. Ne5+ Kd5 {[#] Hoping for ...Nd6+.} 57. Ng6 $2 {[%mdl 8192]} (57. Nxc4 $1 $11 {[%mdl 512]} Kxc4 58. Bxc7) 57... c3 58. e7 $2 {[#]} (58. Bf4 Nd6+ 59. Kf6) 58... Nxe7 $1 $19 {[%mdl 512]} 59. Nxe7+ Ke4 60. Bh4 c2 61. Bg5 Kd3 62. Nc6 Bd2 63. Nxa5 c1=Q {Quite a comeback for Black. Accuracy: White = 58%, Black = 64%.} 0-1

[Event "Clutch Chess 2020"]
[Site "Online"]
[Date "2020.05.27"]
[Round "1.11"]
[White "Caruana, Fabiano"]
[Black "Dominguez Perez, Leinier"]
[Result "1-0"]
[WhiteElo "2773"]
[BlackElo "2786"]
[Annotator "TA"]
[PlyCount "121"]
[EventDate "2020.05.24"]
[EventType "k.o."]
[SourceTitle "playchess.com"]
[Source "ChessBase"]
[SourceQuality "1"]

{[%evp 18,121,19,4,0,0,15,0,0,0,16,0,9,6,23,23,33,-34,-33,-34,-36,-44,-41,-41,-34,-22,-51,-8,0,0,0,0,0,-16,-34,-94,-60,-78,-74,-57,0,-22,0,-35,0,-25,-16,-13,-11,-14,48,47,48,48,49,47,85,95,102,102,109,120,131,134,163,166,162,111,170,169,156,115,110,122,161,161,193,152,245,247,237,240,247,233,233,233,306,307,315,316,459,445,792,776,693,661,1230,1184,1425,1242,29986,29987,29987,29988,29988,29989]} 1. d4 Nf6 2. c4 e6 3. Nc3 Bb4 4. e3 O-O 5. Bd3 d5 6. Nf3 dxc4 7. Bxc4 c5 8. O-O Nc6 9. a3 Ba5 10. Bd3 h6 {is the legacy move (10...cxd4). E56: Nimzo-Indian: Rubinstein: Main Line: 7...Nc6.} 11. h3 Qe7 12. Qe2 Rd8 {[%cal Rc5d4] The position is equal.} 13. Rd1 {[#]} a6 $146 ({Predecessor:} 13... e5 14. dxe5 Nxe5 15. Nxe5 Qxe5 16. f4 Qh5 17. Ne4 Qxe2 18. Nxf6+ gxf6 19. Bxe2 Be6 20. Rxd8+ Rxd8 {½-½ (28) Giobbi,C (2224)-Varberg,K (2164) ICCF email 2012}) 14. Bc2 b5 15. Ne4 cxd4 16. exd4 Bb7 17. Nc5 (17. b4 $14 Bb6 18. Nc5) 17... Nxd4 $15 {[%mdl 64] [#] Remove Defender} 18. Nxd4 {Hoping for b4.} Qxc5 19. b4 Qa7 $1 20. bxa5 {Strongly threatening Bb2.} Rxd4 21. Bb2 $1 {[%cal Rb2d4]} Rxd1+ 22. Rxd1 Bd5 23. Bxf6 gxf6 24. Qg4+ Kf8 25. Qf4 Rc8 26. Bf5 (26. Bd3 $1 $15) 26... Qc5 27. Qxh6+ Ke7 28. Bg4 Rg8 (28... Bb3 $15 29. Rd3 Bc4) 29. Rc1 Bc4 30. Qh7 Qg5 31. Re1 Rd8 32. Qe4 Qd5 {Threatens to win with ...Qxe4.} 33. Qe3 Qd4 (33... Qd2 $11) 34. Qxd4 $1 $14 Rxd4 {[%mdl 4096] Endgame KRB-KRB} 35. Rd1 $1 {[%cal Rd1d4]} Re4 $1 36. Bf3 Re5 {[#]} 37. Bb7 $1 Re2 {With the idea ...Ra2.} 38. Bxa6 Ra2 39. Rb1 Rxa3 40. Bxb5 Bd5 41. a6 f5 42. Bf1 (42. f4 $18) 42... Kf6 (42... f4 $16 43. f3 Kf6) 43. f4 $18 Ra2 44. Kh2 Ra4 45. Kg3 Kg6 46. Rb2 Kf6 47. Be2 Ra3+ (47... e5 $16 {was necessary.} 48. fxe5+ Kxe5) 48. Kf2 Be4 49. h4 Bd5 50. g3 Kg7 51. Rc2 Kf6 52. Rc7 Kg6 53. a7 Be4 (53... Ra2 $142 54. Ke3 Ra3+ 55. Kd4 Rxg3 56. h5+ Kh6 57. Rxf7 Ra3) 54. h5+ Kf6 (54... Kg7 $142 55. Bb5 Rf3+ 56. Ke2 Rxg3) 55. Bb5 Rf3+ 56. Ke2 Rxg3 57. Be8 {[%csl Ge8][%cal Rc7f7]} Kg7 58. Bxf7 Ra3 59. Bg6+ {White mates.} Kf8 60. h6 Rh3 61. h7 {Accuracy: White = 84%, Black = 55%.} 1-0

[Event "Clutch Chess 2020"]
[Site "Online"]
[Date "2020.05.27"]
[Round "1.11"]
[White "So, Wesley"]
[Black "Nakamura, Hikaru"]
[Result "1/2-1/2"]
[WhiteElo "2741"]
[BlackElo "2829"]
[Annotator "TA"]
[PlyCount "117"]
[EventDate "2020.05.24"]
[EventType "k.o."]
[SourceTitle "playchess.com"]
[Source "ChessBase"]
[SourceQuality "1"]

{[%evp 22,117,10,0,14,0,0,0,0,0,0,0,0,0,0,0,0,-15,-7,-13,0,0,0,0,5,0,0,-2,34,34,47,0,18,0,6,0,5,5,0,0,2,0,0,0,0,0,0,0,0,0,0,0,0,0,0,0,0,0,0,0,0,0,0,0,0,0,0,0,0,0,0,0,0,0,0,0,0,0,0,0,0,0,0,0,0,0,0,0,0,0,0,0,0,0,0,0,8,8]} 1. c4 e5 2. Nc3 Nf6 3. Nf3 Nc6 4. g3 d5 5. cxd5 Nxd5 6. Bg2 Nb6 7. O-O Be7 8. d3 O-O 9. Be3 Be6 10. Rc1 Nd5 11. Nxd5 Bxd5 12. Qa4 Re8 {A29: English Opening: Four Knights Variation with 4 g3.} 13. Nd2 Bxg2 14. Kxg2 {[#]} Nd4 $146 ({Predecessor:} 14... Qd5+ 15. Nf3 Bd6 16. Qc4 Qxc4 17. Rxc4 f5 18. Rfc1 Rad8 19. Nd2 Nd4 20. Bxd4 exd4 {1-0 (35) Fluerariu,R (2091)-Mintau,A (2058) Mamaia 2019}) 15. Bxd4 exd4 16. Qb3 Rb8 17. e4 dxe3 18. fxe3 Rf8 19. Rf3 c6 20. d4 g6 21. Rcf1 {[%cal Rf3f7]} Qd5 22. e4 Qxb3 23. Rxb3 Rfd8 24. Rd3 c5 25. d5 b5 26. b3 {next e5 is good for White.} Bd6 {The position is equal.} 27. Nf3 f6 28. Re3 Re8 29. Rfe1 Rbd8 30. e5 fxe5 31. Nxe5 Bf8 32. Rd1 Bh6 33. Ree1 Bf8 34. Kf3 Kg7 35. a4 a6 36. Re4 Bd6 37. Nc6 Rf8+ 38. Kg2 Rd7 39. Re6 Rf5 40. axb5 axb5 41. Rd2 c4 42. bxc4 bxc4 43. Ree2 c3 44. Rd3 Bf8 45. Rxc3 Rfxd5 46. Ne5 Rd2 (46... Re7 $5 47. Rce3 $8 h5 $11) 47. Rc2 Rxe2+ 48. Rxe2 $11 {[%mdl 4096] Endgame KRB-KRN} Re7 49. Kf3 Re6 50. Nd3 Rxe2 (50... Rf6+ {is interesting.} 51. Ke4 h5 52. Ra2 Kh6 53. Ra8 Bg7) 51. Kxe2 {KB-KN} Bd6 52. Kf3 Kf6 53. h3 h5 54. g4 hxg4+ 55. Kxg4 Ba3 56. h4 Bd6 57. h5 gxh5+ 58. Kxh5 Bf4 59. Nxf4 {Accuracy: White = 97%, Black = 98%.} 1/2-1/2

[Event "Clutch Chess 2020"]
[Site "Online"]
[Date "2020.05.27"]
[Round "1.12"]
[White "Nakamura, Hikaru"]
[Black "So, Wesley"]
[Result "1/2-1/2"]
[WhiteElo "2829"]
[BlackElo "2741"]
[Annotator "TA"]
[PlyCount "98"]
[EventDate "2020.05.24"]
[EventType "k.o."]
[SourceTitle "playchess.com"]
[Source "ChessBase"]
[SourceQuality "1"]

{[%evp 13,98,0,0,-11,0,14,16,29,30,0,0,0,0,0,0,0,4,0,12,0,0,0,0,-22,-22,-18,-22,-38,-32,-41,-42,-54,-57,-55,-55,-57,-48,-57,-43,-113,-113,-174,-165,-229,-165,-162,-104,-106,-106,-166,-135,-146,-138,-137,-144,-147,-116,-120,-121,-121,-24,-84,-84,-82,-84,-84,-15,-22,0,0,0,0,0,0,0,0,0,0,0,0,0,0,0,0,0,0,0]} 1. d4 Nf6 2. c4 e6 3. Nf3 d5 4. e3 Be7 5. cxd5 exd5 6. Bd3 c6 7. Nc3 O-O 8. O-O {8.h3 might become the main line. D35: Queen's Gambit Declined: Exchange Variation.} Re8 9. Ne5 {[#]} Bd6 $146 ({Predecessor:} 9... Nbd7 10. f4 Nf8 11. Bd2 Bd6 12. Rc1 Ng6 13. a3 Ne7 14. Be1 Bf5 15. Bh4 Ng6 16. Bxf5 Nxh4 {½-½ (40) Bericat,A (2383)-Forrisdahl,O (2449) ICCF email 2005}) 10. f4 c5 11. Bd2 Nc6 12. Be1 cxd4 13. exd4 Nxd4 {[#]} 14. Bxh7+ $1 {[%mdl 512]} Nxh7 15. Qxd4 Nf6 16. Bh4 Qb6 17. Qxb6 axb6 18. Nb5 Bb8 19. Bf2 Nh5 $36 {[%mdl 2048] Black has the initiative.} 20. g3 g5 21. Bxb6 gxf4 22. Nc7 Bxc7 23. Bxc7 fxg3 24. hxg3 Nxg3 25. Rf2 {And now Rg2 would win.} Nf5 26. Kh2 (26. Raf1 $15) 26... f6 $17 27. Nd3 (27. Rg1+ $17 {was necessary.} Kf8 28. Rxf5 {[%mdl 64] Remove Defender} Bxf5 29. Bd6+ Re7 30. Ng6+ Bxg6 31. Bxe7+ Kxe7 32. Rxg6) 27... Kf7 $19 28. Bf4 (28. Raf1 $142) 28... Rh8+ 29. Kg1 Rg8+ ({Black should try} 29... Rh3 $19 30. Nb4 Bd7) 30. Rg2 $17 Bd7 31. a3 (31. Rxg8 $17 Rxg8+ 32. Kf2) 31... Rxg2+ 32. Kxg2 Bb5 33. Nb4 Re8 34. Rd1 Re2+ 35. Kf3 Rxb2 36. Rxd5 Rxb4 (36... Ke6 $17 {aiming for ...Rxb4!} 37. Rc5 Be2+ 38. Kf2 Bg4+ 39. Rc2 Rb3) 37. Rxf5 {[%mdl 4096] Endgame KRB-KRB} (37. axb4 $11 {keeps the balance.} Bc6 38. Kg4) 37... Rb3+ 38. Kf2 Bc6 39. Bc1 Rc3 {[#]} (39... Ke6 $17 40. Rc5 Rf3+ 41. Ke1 Rg3) 40. Rxf6+ $1 $11 {[%mdl 512] The position is equal.} Kxf6 (40... Ke7 {is interesting.} 41. Bg5 Kd7 42. Ke2 Rxa3 43. Bf4 Be4) 41. Bb2 Ke6 {( -> ...Rc2+)} (41... Ke5 {is more complex.} 42. Bxc3+ Kd5 43. Bf6 Be8 44. Bd8 Ba4) 42. Bxc3 {KB-KB} Kd5 43. Bb4 Kc4 44. Kg3 Ba4 45. Kh2 b5 46. Kg3 Kb3 47. Kh2 Kc4 48. Kg3 Kb3 49. Kh2 Kc4 {Black had all chances to win. Accuracy: White = 80%, Black = 80%.} 1/2-1/2